European report

Bibliographic Details
Format: Journal
Language:English
Published: Bruxelles : Europe Information Service.
Subjects:
Online Access:Acceso restringido

MARC

LEADER 00000nas a2200000 4500
005 20110711145018.0
008 041124 198?2004lu c p eng d
022 |a 1021-4267 
035 |a 5418 
040 |a UAM.PP  |d BUS  |d vLex 
090 |c 2208  |d 2208 
245 0 0 |a European report  |h [Recurso electrn̤ico] 
256 |a Servicio en ln̕ea. 
260 |a Bruxelles :   |b Europe Information Service. 
310 |a Bisemanal. 
506 1 |a Contenido solo disponible en los productos indicados  |d vLex Global  |d vLex Global (Academic Edition, excluding Law Schools)  |d vLex Global (Academic Edition, Law Schools) 
650 0 4 |a Derecho  |z Europa 
651 4 |a Pas̕es de la Unin̤ Europea  |x Polt̕ica Econm̤ica  |x Publicaciones perid̤icas. 
740 |a vLex Revistas (Servicio en ln̕ea) 
856 4 0 |u http://vlex.com/source/european-report-5418  |z Acceso restringido 
942 |c REV